Nuevo complejo deportivo municipal / Estanis Verti
Publicado:
San Jorge, núm. 82 (2n trimestre 1971), pàg 43 :
Materias:
Esports -- Badalona
MARC
| LEADER | 00000nam a2200000Ia 4500 | ||
|---|---|---|---|
| 001 | |||
| 008 | 160829s9999 xx 000 0 cat d | ||
| 100 | |a Vertí, Estanis |9 40364 | ||
| 245 | |a Nuevo complejo deportivo municipal / Estanis Verti | ||
| 260 | |a San Jorge, núm. 82 (2n trimestre 1971), pàg 43 | ||
| 650 | |a Esports |x Badalona |9 40194 | ||
| 901 | |a Arxiu | ||
| 942 | |n 1 | ||
| 952 | |0 0 |1 0 |4 0 |7 1 |9 52627 |a Arxiu |b Arxiu |d 2016-12-01 |l 0 |r 2016-12-01 00:00:00 |w 2016-12-01 |y ARXIU | ||
| 999 | |c 56476 |d 56476 | ||